Investing in real estate

Uložené v:
Podrobná bibliografia
Hlavný autor: McLean, Andrew
Ďalší autori: Eldred, Gary
Médium: Kniha
Jazyk:English
Vydavateľské údaje: New York John Wiley & Sons, Inc. 1996
Vydanie:2. ed.
Predmet:
Tagy: Pridať tag
Žiadne tagy, Buďte prvý, kto otaguje tento záznam!

MARC

LEADER 00000nam a2200000 4500
001 c115525
005 20221221082738.2
020 |a 0-471-15398-2 
041 0 |a eng 
044 |a US 
245 1 0 |a Investing in real estate  |c Andrew McLean and Gary Eldred 
250 |a 2. ed. 
264 1 |a New York  |b John Wiley & Sons, Inc.  |c 1996 
300 |a 313 s. 
610 2 0 |a investovanie 
610 2 0 |a investície 
610 2 0 |a nehnuteľnosti 
610 2 0 |a obchod s nehnuteľnosťami 
610 2 0 |a financie 
610 2 0 |a pôžičky 
610 2 0 |a riziko 
610 2 0 |a úver 
610 2 0 |a predajcovia 
610 2 0 |a banky 
610 2 0 |a makléri 
610 2 0 |a hodnota nehnuteľností 
610 2 0 |a príjmy 
610 2 0 |a úrok 
610 2 0 |a ceny 
610 2 0 |a zadlženosť 
610 2 0 |a vlastníctvo 
610 2 0 |a zmluvy 
100 1 |a McLean, Andrew 
700 1 |a Eldred, Gary